Base verbale - 20 verbes irréguliers anglais aléatoires - Statistiques

Statistiques générales
  • Ce quiz a été pris 461 fois
    440 depuis la dernière actualisation
  • Le résultat moyen est 10 sur 20
Statistiques - réponses
Base verbale Traduction française % Correct
be être
100%
buy acheter
100%
cut couper
100%
do faire
100%
drive conduire
100%
give donner
100%
go aller
100%
learn apprendre
100%
read lire
100%
run courir
100%
say dire
100%
see voir
100%
sing chanter
100%
sleep dormir
100%
think penser
100%
write écrire
100%
choose choisir
95%
know connaître, savoir
95%
send envoyer
95%
cost coûter
94%
dream rêver
94%
drink boire
94%
bite mordre
93%
burn brûler
93%
get obtenir
93%
draw dessiner, tirer
92%
keep garder
92%
smell sentir
91%
win gagner
91%
have avoir
90%
find trouver
89%
begin commencer
88%
leave laisser, quitter, partir
88%
lose perdre
88%
sell vendre
88%
show montrer
88%
swim nager
88%
teach enseigner
86%
come venir
85%
fight se battre
85%
break casser
84%
freeze geler
84%
sit s'asseoir
84%
shoot tirer, fusiller
83%
feel se sentir, ressentir
82%
eat manger
81%
pay payer
81%
become devenir
80%
stick coller
80%
tell dire, raconter
80%
hear entendre
79%
make fabriquer
79%
speak parler
79%
stand être debout
79%
understand comprendre
78%
catch attraper
77%
feed nourrir
77%
forget oublier
77%
fall tomber
76%
can pouvoir
75%
forbid interdire
75%
hurt blesser
75%
spend dépenser, passer du temps
75%
wake réveiller
75%
hide cacher
74%
build construire
73%
take prendre
73%
bleed saigner
71%
grow grandir, pousser
71%
put mettre
71%
wear porter (avoir sur soi)
71%
ring sonner, téléphoner
68%
fly voler
67%
hold tenir
67%
throw jeter
67%
meet rencontrer
65%
spell épeler, orthographier
64%
bring apporter
62%
spoil gâcher, gâter
61%
forgive pardonner
58%
steal voler, dérober
58%
bet parier
56%
beat battre
55%
kneel s'agenouiller
53%
quit quitter
50%
ride monter (vélo, cheval)
50%
shine briller
50%
shut fermer
50%
mean signifier
47%
spread répandre
46%
dig creuser
45%
shake secouer
45%
swear jurer
44%
stink puer
43%
slide glisser
40%
light allumer
39%
bend plier, se courber
36%
wet mouiller
36%
prove prouver
35%
swing se balancer
33%
saw scier
32%
lie s'allonger
31%
hit taper, appuyer
29%
lead mener, guider
29%
mow tondre
29%
spin tourner, faire tourner
29%
creep ramper
27%
plead supplier, plaider
27%
sink couler
27%
slay tuer
27%
shoe chausser
26%
flee s'enfuir
25%
fling lancer
25%
leap sauter, bondir
25%
rise lever
25%
sweat suer
25%
tear déchirer
25%
blow souffler, gonfler
24%
dive plonger
22%
sweep balayer
22%
lend prêter
21%
spit cracher
21%
swell gonfler, enfler
21%
let permettre, louer
19%
bear porter, supporter, naître
18%
relay relayer
18%
hang tenir, pendre
17%
lay poser
16%
arise survenir, surgir
15%
awake se réveiller
15%
burst éclater
15%
deal distribuer
15%
overcome surmonter
15%
seek chercher
15%
sting piquer
15%
wring tordre
15%
set fixer
14%
spring surgir, jaillir, bondir
14%
cast jeter, distribuer (rôles)
13%
dwell habiter
13%
rid débarrasser
13%
wind enrouler, remonter
13%
bid offrir (autre que offer)
12%
withdraw se retirer
12%
forecast prévoir (météo)
11%
speed aller vite
11%
tread piétiner quelque chose
11%
foresee prévoir, presentir
10%
shed répandre, laisser tomber
10%
weep pleurer
10%
undergo subir
9%
broadcast diffuser, émettre
8%
slink s'en aller furtivement
8%
split fendre
8%
thrust enfoncer
7%
breed élever (des animaux)
6%
forsake abandonner (par trahison)
6%
lean s'incliner, se pencher
6%
preset programmer
6%
slit fendre
6%
sow semer
6%
spill renverser
6%
strike frapper (avec précision)
6%
chide gronder
5%
grind moudre, opprimer
5%
thrive prospérer
5%
clothe habiller, recouvrir
4%
abide respecter, se conformer à
0%
beget engendrer
0%
cling s'accrocher
0%
offset compenser
0%
partake prendre part à
0%
strew éparpiller
0%
strive s'efforcer
0%
typeset composer
0%
Aucun quiz correspondant
Distribution des résultats
% des personnes avec chaque résultat
Percentile par nombre de réponses
Votre historique - résultats
Vous n’avez pas pris ce quiz depuis la dernière actualisation